[Event "2006 U.S. Masters Championship"]
[Site "Hendersonville, NC"]
[Date "2006.03.19"]
[Round "8"]
[White "Smith, Garrett L"]
[Black "Brookshear, Timothy"]
[Result "1-0"]
[WhiteElo "2010"]
[BlackElo "2000"]
[PlyCount "79"]
[EventDate "2006.03.11"]
[EventCountry "USA"]

 1. e4 c6 2. d4 d5 3. exd5 cxd5 4. c4 Nf6 5. Nc3 e6 6. Nf3 Bb4 7. cxd5 Nxd5 8. Bd2 Nc6 9. Bd3 Be7 10. O-O O-O 11. Re1 Nf6 12. Bg5 Nb4 13. Bb1 b6 14. a3 Nbd5 15. Qd3 g6 16. Ne5 Bb7 17. Bh6 Re8 18. Qh3 Bf8 19. Bg5 Qc8 20. Nxd5 Nxd5 21. Nxf7 Qd7 22. Ne5 Qg7 23. Be4 h6 24. Bd2 g5 25. Qd3 Rad8 26. Rac1 Bd6 27. Qe2 Bxe5 28. dxe5 Rf8 29. Bxd5 Rxd5 30. Bb4 Rfd8 31. Bd6 Rd7 32. Qg4 Qg6 33. h4 Rd2 34. h5 Qf7 35. Re2 Bf3 36. Rc8+ Kh7 37. gxf3 Rxe2 38. Rf8 Qg7 39. Qxe6 Rxd6 40. Qf5+ 1-0

[Event "2006 U.S. Masters Championship"]
[Site "Hendersonville, NC"]
[Date "2006.03.19"]
[Round "8"]
[White "Francis, Benjamin"]
[Black "Dana, Maurice"]
[Result "1-0"]
[WhiteElo "2048"]
[BlackElo "2200"]
[PlyCount "79"]
[EventDate "2006.03.11"]
[EventCountry "USA"]

 1. e4 e5 2. f4 Bc5 3. Nf3 d6 4. Nc3 Nf6 5. Bc4 O-O 6. d3 c6 7. Bb3 a5 8. a3 h6 9. Rf1 Re8 10. f5 d5 11. Qe2 a4 12. Nxa4 Rxa4 13. Bxa4 Qa5+ 14. b4 Qxa4 15. bxc5 Nbd7 16. Rb1 Nxc5 17. Rb4 Qa5 18. Kf2 Qa7 19. Be3 d4 20. Bc1 Ncxe4+ 21. Kg1 Nc3 22. Qf2 e4 23. dxe4 Nfxe4 24. Qh4 c5 25. Rb2 Ne2+ 26. Kh1 Nxc1 27. Rxc1 Qxa3 28. Rbb1 Bxf5 29. Re1 Qc3 30. Rbc1 Re6 31. Qf4 Bg6 32. Nh4 Rf6 33. Qb8+ Kh7 34. Nxg6 Nf2+ 35. Kg1 fxg6 36. Re8 g5 37. Rh8+ Kg6 38. Qe8+ Kf5 39. Rf1 Kg4 40. Qe2+ 1-0

[Event "2006 U.S. Masters Championship"]
[Site "Hendersonville, NC"]
[Date "2006.03.19"]
[Round "8"]
[White "Kobernat, Alan E"]
[Black "Harris, David"]
[Result "1-0"]
[WhiteElo "2036"]
[BlackElo "2130"]
[PlyCount "33"]
[EventDate "2006.03.11"]
[EventCountry "USA"]

 1. e4 c5 2. d4 cxd4 3. c3 dxc3 4. Nxc3 Nc6 5. Nf3 e6 6. Bc4 Qc7 7. O-O Nf6 8. Nb5 Qb8 9. e5 Nxe5 10. Bf4 Nxf3+ 11. Qxf3 d6 12. Rad1 e5 13. Bg5 Be7 14. Bxf6 gxf6 15. Nxd6+ Bxd6 16. Qxf6 Be6 17. Bxe6 1-0

[Event "2006 U.S. Masters Championship"]
[Site "Hendersonville, NC"]
[Date "2006.03.19"]
[Round "9"]
[White "Burnett, Ronald W"]
[Black "Ludwig, Daniel J"]
[Result "1/2-1/2"]
[WhiteElo "2424"]
[BlackElo "2331"]
[PlyCount "27"]
[EventDate "2006.03.11"]
[EventCountry "USA"]

 1. Nf3 d5 2. d4 Nf6 3. c4 c6 4. Nc3 dxc4 5. a4 Bf5 6. e3 e6 7. Bxc4 Bb4 8. O-O O-O 9. Qe2 Bg6 10. Ne5 Nbd7 11. Nxg6 hxg6 12. Rd1 Qc7 13. Bd2 a5 14. e4 1/2-1/2

[Event "2006 U.S. Masters Championship"]
[Site "Hendersonville, NC"]
[Date "2006.03.19"]
[Round "9"]
[White "Ardaman, Miles F"]
[Black "Margvelashvili, Giorgi"]
[Result "0-1"]
[WhiteElo "2377"]
[BlackElo "2463"]
[PlyCount "62"]
[EventDate "2006.03.11"]
[EventCountry "USA"]

 1. b4 d5 2. Bb2 Nf6 3. e3 Bf5 4. f4 e6 5. a3 c5 6. b5 Nbd7 7. Be2 Bd6 8. Nf3 Qc7 9. a4 h6 10. c4 d4 11. Qb3 dxe3 12. dxe3 e5 13. g3 O-O 14. Nc3 exf4 15. exf4 Rfe8 16. O-O-O Re3 17. Nh4 Bxf4 18. Rd2 Rxe2 19. Nxe2 Bxd2+ 20. Kxd2 Be4 21. Rd1 Ne5 22. Kc1 g5 23. Rf1 Nfg4 24. Nc3 Nd3+ 25. Kb1 Bh7 26. Nf5 Qe5 27. h3 Bxf5 28. hxg4 Bg6 29. Ka1 Nxb2 30. Qxb2 Re8 31. Rf3 Qd4 0-1

[Event "2006 U.S. Masters Championship"]
[Site "Hendersonville, NC"]
[Date "2006.03.19"]
[Round "9"]
[White "Chumachenko, Andrey"]
[Black "Schroer, Jonathan"]
[Result "1-0"]
[WhiteElo "2452"]
[BlackElo "2462"]
[PlyCount "131"]
[EventDate "2006.03.11"]
[EventCountry "USA"]

 1. d4 Nf6 2. c4 g6 3. Nc3 Bg7 4. e4 d6 5. Be2 O-O 6. Bg5 a6 7. f4 Nbd7 8. Nf3 c5 9. d5 b5 10. Nd2 b4 11. Na4 e6 12. O-O exd5 13. cxd5 Re8 14. Bf3 Rb8 15. Nc4 Qc7 16. Qc2 a5 17. Rae1 h6 18. Bh4 Nh7 19. e5 dxe5 20. d6 Qa7 21. Bd5 Ndf6 22. Bc6 Bf5 23. Qd1 Bg4 24. Qc2 Bf5 25. Qd1 Bg4 26. Qd2 Bd7 27. Nxe5 Rxe5 28. fxe5 Bxc6 29. exf6 Bf8 30. Re7 Qa6 31. Nxc5 Qc4 32. Qf2 g5 33. Bg3 Nxf6 34. Ne6 Bxe7 35. dxe7 Re8 36. Qxf6 Qxe6 37. Qxe6 fxe6 38. Bd6 e5 39. Rf8+ Kh7 40. Kf2 e4 41. Ke3 Kg7 42. Kd4 Kg6 43. Bc5 Kg7 44. b3 Kg6 45. g4 h5 46. Ke5 e3 47. gxh5+ Kxh5 48. Rxe8 Bxe8 49. Bxe3 Kg6 50. Bb6 a4 51. bxa4 Bxa4 52. Bc5 Kf7 53. Bxb4 g4 54. Bc5 Ke8 55. Kd4 Kd7 56. Kc4 Kc7 57. Kb4 Bd7 58. a4 Kc6 59. a5 Kb7 60. Kc4 Ka6 61. Kd5 Kxa5 62. Kd6 Be8 63. Kc7 Kb5 64. Kd8 Bh5 65. Bf2 Kc6 66. e8=B+ 1-0

[Event "2006 U.S. Masters Championship"]
[Site "Hendersonville, NC"]
[Date "2006.03.19"]
[Round "9"]
[White "Aliev, Timur"]
[Black "Smith, Bryan G"]
[Result "0-1"]
[WhiteElo "2327"]
[BlackElo "2413"]
[PlyCount "100"]
[EventDate "2006.03.11"]
[EventCountry "USA"]

 1. e4 c5 2. Nc3 a6 3. g3 b5 4. Bg2 Bb7 5. d3 e6 6. Nh3 Nf6 7. O-O d6 8. f4 Nbd7 9. Kh1 Qc7 10. Be3 Be7 11. g4 h6 12. g5 hxg5 13. fxg5 Nh7 14. g6 fxg6 15. Qg4 Nhf8 16. Ng5 Ne5 17. Qg3 Bf6 18. Ne2 Qe7 19. Nf3 Nxf3 20. Qxf3 Bxb2 21. Bg5 Qd7 22. Rad1 Be5 23. h3 Nh7 24. Qg4 Nf6 25. Bxf6 gxf6 26. Qxg6+ Qf7 27. Qxf7+ Kxf7 28. c3 Rag8 29. Rf2 Ke7 30. d4 Bg3 31. Nxg3 Rxg3 32. d5 e5 33. Rdf1 Rh6 34. Rf3 Rxf3 35. Rxf3 a5 36. Kh2 Rh8 37. Bf1 b4 38. cxb4 axb4 39. a3 Rb8 40. axb4 cxb4 41. Rg3 Kf7 42. h4 Rh8 43. h5 Rxh5+ 44. Kg1 Rg5 45. Rxg5 fxg5 46. Bc4 g4 47. Kf2 Kf6 48. Kg3 Kg5 49. Bb3 Ba6 50. Bd1 Bd3 0-1

[Event "2006 U.S. Masters Championship"]
[Site "Hendersonville, NC"]
[Date "2006.03.19"]
[Round "9"]
[White "Pohl, Klaus A"]
[Black "Cheng, Xiao"]
[Result "1/2-1/2"]
[WhiteElo "2214"]
[BlackElo "2292"]
[PlyCount "110"]
[EventDate "2006.03.11"]
[EventCountry "USA"]

 1. b4 e5 2. a3 d5 3. Bb2 Bd6 4. Nc3 c6 5. e4 d4 6. Nce2 a5 7. c3 dxc3 8. Bxc3 Nf6 9. Ng3 axb4 10. axb4 Rxa1 11. Qxa1 O-O 12. Bc4 Qb6 13. Qa5 Qxa5 14. bxa5 Nbd7 15. Nf3 Nc5 16. d3 Na4 17. Bxe5 Bb4+ 18. Ke2 Nc3+ 19. Bxc3 Bxc3 20. a6 bxa6 21. Rc1 Bb4 22. d4 a5 23. Ne5 Bb7 24. Bb3 c5 25. dxc5 Bxe4 26. Bxf7+ Kh8 27. f3 Bd5 28. Bxd5 Nxd5 29. Ne4 Nf4+ 30. Kf1 a4 31. Rc4 Ra8 32. Rxb4 a3 33. Nc3 Nd5 34. Nd3 Nxc3 35. Nc1 a2 36. Nxa2 Nxa2 37. Rc4 Kg8 38. c6 Kf7 39. c7 Rc8 40. Ke2 Ke6 41. Kd2 Kd5 42. Ra4 Rxc7 43. Rxa2 Re7 44. Kd3 Rb7 45. Re2 Rb3+ 46. Kd2 Rb1 47. f4 Rf1 48. g3 Kd4 49. Re7 Rf2+ 50. Ke1 Rxh2 51. Rxg7 h5 52. Kf1 h4 53. Kg1 hxg3 54. Rxg3 Rh4 55. f5 Rf4 1/2-1/2

[Event "2006 U.S. Masters Championship"]
[Site "Hendersonville, NC"]
[Date "2006.03.19"]
[Round "9"]
[White "Cao, Tony"]
[Black "Privman, Boris"]
[Result "1/2-1/2"]
[WhiteElo "2099"]
[BlackElo "2338"]
[PlyCount "30"]
[EventDate "2006.03.11"]
[EventCountry "USA"]

 1. e4 d6 2. d4 e5 3. Nf3 Nd7 4. Nc3 Be7 5. Bc4 c6 6. a4 Ngf6 7. O-O O-O 8. Qe2 b6 9. Rd1 Qc7 10. Bg5 a6 11. d5 c5 12. h3 Re8 13. g3 Nh5 14. h4 g6 15. Kg2 Kg7 1/2-1/2

[Event "2006 U.S. Masters Championship"]
[Site "Hendersonville, NC"]
[Date "2006.03.19"]
[Round "9"]
[White "Shaw, Tenzing W"]
[Black "Fouts, Matthew A"]
[Result "1/2-1/2"]
[WhiteElo "2112"]
[BlackElo "2007"]
[PlyCount "77"]
[EventDate "2006.03.11"]
[EventCountry "USA"]

 1. e4 e6 2. d4 d5 3. exd5 exd5 4. c4 Bb4+ 5. Nc3 Ne7 6. Nf3 Nbc6 7. Be2 Bf5 8. O-O Qd7 9. c5 Bxc3 10. bxc3 O-O 11. a4 Na5 12. Bb5 c6 13. Bd3 Ng6 14. Qc2 Bxd3 15. Qxd3 Nb3 16. Rb1 Nxc1 17. Rfxc1 Rfe8 18. Re1 Nf4 19. Qf1 Rxe1 20. Rxe1 Re8 21. g3 Ng6 22. Rxe8+ Qxe8 23. Qe1 Qxe1+ 24. Nxe1 Kf8 25. Kf1 Ke7 26. Ke2 b6 27. cxb6 axb6 28. Kd3 Kd6 29. Nf3 f6 30. h4 h5 31. Ng1 Ne7 32. Nh3 c5 33. c4 cxd4 34. cxd5 Kc5 35. Nf4 g6 36. Ne6+ Kxd5 37. Nxd4 Ke5 38. Nb3 g5 39. hxg5 1/2-1/2

[Event "2006 U.S. Masters Championship"]
[Site "Hendersonville, NC"]
[Date "2006.03.19"]
[Round "9"]
[White "Rupel, David G"]
[Black "Potter, J Russell"]
[Result "1-0"]
[WhiteElo "2074"]
[BlackElo "2215"]
[PlyCount "84"]
[EventDate "2006.03.11"]
[EventCountry "USA"]

 1. d4 Nf6 2. c4 c5 3. d5 g6 4. Nc3 Bg7 5. e4 d6 6. Nge2 O-O 7. Ng3 e6 8. Be2 exd5 9. exd5 Re8 10. Bf4 a6 11. O-O h5 12. f3 Qe7 13. Bd3 Nbd7 14. Qd2 Ne5 15. Rfe1 Nh7 16. Bh6 Qh4 17. Re4 Qf6 18. Bxg7 Kxg7 19. f4 Ng4 20. Rxe8 Qd4+ 21. Kf1 Nhf6 22. Rxc8 Rxc8 23. Re1 h4 24. Nge4 Nxh2+ 25. Ke2 Nxe4 26. Nxe4 Re8 27. Kd1 Ng4 28. Qc3 f5 29. Qxd4+ cxd4 30. Nxd6 Nf2+ 31. Kd2 Rxe1 32. Kxe1 Nxd3+ 33. Kd2 Nxf4 34. Nxb7 Kf7 35. Nd8+ Kf6 36. Nc6 Nxg2 37. Nxd4 h3 38. Nf3 g5 39. Nh2 g4 40. Nf1 f4 41. Ke2 Ne3 42. b3 g3 1-0

[Event "2006 U.S. Masters Championship"]
[Site "Hendersonville, NC"]
[Date "2006.03.19"]
[Round "9"]
[White "Pupols, Viktors"]
[Black "Smith, Garrett L"]
[Result "0-1"]
[WhiteElo "2200"]
[BlackElo "2010"]
[PlyCount "74"]
[EventDate "2006.03.11"]
[EventCountry "USA"]

 1. d4 Nf6 2. c4 g6 3. Nc3 Bg7 4. e4 d6 5. Be2 O-O 6. Nf3 e5 7. O-O Nc6 8. d5 Ne7 9. Ne1 Nd7 10. f3 f5 11. g4 f4 12. h4 a5 13. Rf2 Nc5 14. b3 c6 15. Nc2 cxd5 16. cxd5 Bd7 17. Bd2 Nc8 18. Rh2 Bf6 19. Be1 Rb8 20. Na3 Na7 21. Ncb5 Nxb5 22. Bxb5 Bxb5 23. Nxb5 Qb6 24. a4 Nxe4+ 25. Kg2 Nc5 26. Bf2 e4 27. fxe4 f3+ 28. Kh1 Bxa1 29. Qxa1 Qd8 30. e5 Ne4 31. g5 Nxf2+ 32. Rxf2 Rf4 33. Rh2 f2 34. Qf1 dxe5 35. d6 Qb6 36. Rh3 Qc6+ 37. Kh2 Rbf8 0-1

[Event "2006 U.S. Masters Championship"]
[Site "Hendersonville, NC"]
[Date "2006.03.19"]
[Round "9"]
[White "Brookshear, Timothy"]
[Black "Francis, Benjamin"]
[Result "0-1"]
[WhiteElo "2000"]
[BlackElo "2048"]
[PlyCount "164"]
[EventDate "2006.03.11"]
[EventCountry "USA"]

 1. d4 d5 2. Nc3 e6 3. e4 Bb4 4. e5 c5 5. a3 Bxc3+ 6. bxc3 Qa5 7. Bd2 Qa4 8. Nf3 Nc6 9. Be3 f6 10. Be2 c4 11. O-O Bd7 12. Qb1 O-O-O 13. Bf4 f5 14. Ng5 Rf8 15. h4 h6 16. Nh3 g6 17. Qc1 Rf7 18. Bd2 Rfh7 19. f4 Be8 20. Rf3 Nge7 21. Rf2 Rg7 22. Qb2 Kb8 23. Rb1 Nc8 24. Bf3 Nb6 25. Qc1 Rhg8 26. Kf1 Nd8 27. Ng1 Qd7 28. Nh3 Qe7 29. g3 Ba4 30. Ke2 Nc6 31. Qb2 Kc7 32. Rg1 Na8 33. Rfg2 b5 34. Be3 a5 35. Ra1 Kd7 36. Nf2 Rb8 37. Nd1 Nb6 38. Qc1 h5 39. Nb2 Rb7 40. Qd2 Rg8 41. Rgg1 Rgb8 42. Rgb1 Qf8 43. Kf2 Ra8 44. Qe2 Qe8 45. Kg2 Ke7 46. Nd1 Kd7 47. Kf2 Kc8 48. Kg2 Qe7 49. Nf2 Kb8 50. Nd1 Raa7 51. Nb2 Kc8 52. Kf2 Ra8 53. Kg2 Rab8 54. Kf2 Na7 55. Kg2 Na8 56. Kf2 Nc7 57. Kg2 Qd7 58. Kf2 Rb6 59. Kg2 Nc6 60. Kf2 Ne7 61. Kg2 Ne8 62. Kf2 Ng8 63. Kg2 Ng7 64. Kf2 Nh6 65. Kg2 Ng4 66. Bxg4 fxg4 67. Bf2 Nf5 68. Qd2 Kc7 69. Qc1 Qe8 70. Nxa4 bxa4 71. Rxb6 Rxb6 72. Rb1 Qb8 73. Rxb6 Qxb6 74. Kf1 Kb7 75. Ke2 Ka6 76. Qa1 Qb8 77. Be1 Ne7 78. Bd2 Qf8 79. Qb2 Nc6 80. Be1 Na7 81. Bd2 Nb5 82. Bc1 Qf5 0-1

[Event "2006 U.S. Masters Championship"]
[Site "Hendersonville, NC"]
[Date "2006.03.19"]
[Round "9"]
[White "Dana, Maurice"]
[Black "Kobernat, Alan E"]
[Result "1-0"]
[WhiteElo "2200"]
[BlackElo "2036"]
[PlyCount "51"]
[EventDate "2006.03.11"]
[EventCountry "USA"]

 1. e4 e5 2. Nf3 Nc6 3. Bb5 Bc5 4. O-O Nf6 5. c3 O-O 6. d4 Bb6 7. Bg5 d6 8. Na3 h6 9. Bh4 Qe7 10. Nc4 a6 11. Ba4 g5 12. Nxg5 hxg5 13. Bxg5 exd4 14. cxd4 Qxe4 15. Nxb6 cxb6 16. Bxf6 Bg4 17. Qd2 Qg6 18. Qf4 Bf5 19. Bxc6 bxc6 20. Qxd6 Rad8 21. Qg3 Rd5 22. Rac1 Bd7 23. Rc3 Rf5 24. Qd6 Qxf6 25. Rg3+ Kh7 26. Qxf8 1-0

[Event "2006 U.S. Masters Championship"]
[Site "Hendersonville, NC"]
[Date "2006.03.19"]
[Round "9"]
[White "Harris, David"]
[Black "Tae, Patrick J"]
[Result "1/2-1/2"]
[WhiteElo "2130"]
[BlackElo "2060"]
[PlyCount "73"]
[EventDate "2006.03.11"]
[EventCountry "USA"]

 1. e4 e5 2. Bc4 Nc6 3. Nc3 Nf6 4. d3 Bc5 5. f4 d6 6. Nf3 Bg4 7. Na4 Bb6 8. Nxb6 axb6 9. c3 O-O 10. O-O d5 11. exd5 Nxd5 12. h3 Bxf3 13. Qxf3 Nf6 14. Bb5 exf4 15. Bxf4 Nd5 16. Bc4 Nxf4 17. Qxf4 Qd7 18. a3 Rae8 19. d4 Nd8 20. Qf3 c6 21. Rad1 b5 22. Bd3 Qe7 23. Kh1 Qg5 24. Rde1 Rxe1 25. Rxe1 Ne6 26. Rxe6 fxe6 27. Bxh7+ Kxh7 28. Qxf8 Qc1+ 29. Kh2 Qxb2 30. Qc5 Qb3 31. h4 Kg8 32. Kg3 Kf7 33. Kf4 Qc2 34. Qh5+ g6 35. Qh7+ Kf6 36. Qh8+ Kf7 37. Qh7+ 1/2-1/2